000 00638nam a2200181Ia 4500
003 GCL
008 140319s9999 xx 000 0 ara d
040 _aGCL /
_cGCL
082 0 4 _a240
_bم ع
100 1 _aمحمد الخالدى
245 1 0 _aالعقيدة وعلم الكلام فى مناهج البحث والتفكير الاسلامى /
_cمحمد الخالدى
260 _a[S.N] :
_bمكتبة الرسالة الحديثة ،
_c1985
300 _a103 ص
490 _aسلسلة دراسات من اجل فهم صحيح للاسلام
_v0
650 0 4 _aالاسلام
650 0 4 _aعلم الكلام
942 _2ddc
_cBK
999 _c35862
_d35862